Jonathan Edwards' philosophy of nature: the re-enchantment of the world in the age of scientific reasoning

Saved in:  
Bibliographic Details
Main Author: Zakhai, Avihu 1945- (Author)
Format: Print Book
Language:English
Subito Delivery Service: Order now.
Check availability: HBZ Gateway
WorldCat: WorldCat
Interlibrary Loan:Interlibrary Loan for the Fachinformationsdienste (Specialized Information Services in Germany)
Published: London [u.a.] T & T Clark 2010
In:Year: 2010
Reviews:Jonathan Edwards's philosophy of nature. The re-enchantment of the world in the age of scientific reasoning. By Avihu Zakai. Pp. ix+331. London–New York: T&T Clark, 2010. £65. 978 0 567 22650 1 (2012) (Seay, Scott D.)
Standardized Subjects / Keyword chains:B Edwards, Jonathan 1703-1758 / Natural philosophy
Further subjects:B Natural theology
B Edwards, Jonathan (1703-1758)
B Philosophy of nature
B Edwards, Jonathan, 1703-1758
B Natural Theology
Online Access: Table of Contents
Blurb (Publisher)

MARC

LEADER 00000cam a2200000 c 4500
001 1603620168
003 DE-627
005 20251225191712.0
007 tu
008 100621s2010 xxk||||| 00| ||eng c
016 7 |a 015473534  |2 UK 
020 |a 9780567226501  |c (hbk.) £65.00  |9 978-0-567-22650-1 
020 |a 0567226506  |c (hbk.) £65.00  |9 0-567-22650-6 
020 |a 9780567070951  |c (ebook) £65.00  |9 978-0-567-07095-1 
020 |a 0567070956  |c (ebook) £65.00  |9 0-567-07095-6 
035 |a (DE-627)1603620168 
035 |a (DE-576)324827474 
035 |a (DE-599)BSZ324827474 
035 |a (OCoLC)466343871 
035 |a (OCoLC)699692209 
040 |a DE-627  |b ger  |c DE-627  |e rakwb 
041 |a eng 
044 |c XA-GB 
050 0 |a BD581 
082 0 |a 261.55092  |q LOC  |2 22 
084 |a 1  |2 ssgn 
084 |a 5,1  |2 ssgn 
084 |a 02.01  |2 bcl 
100 1 |0 (DE-588)1055765336  |0 (DE-627)793810655  |0 (DE-576)411224174  |4 aut  |a Zakhai, Avihu  |d 1945- 
109 |a Zakhai, Avihu 1945-  |a Zakay, Avîhû 1945-  |a Zakaki, Avihu 1945-  |a Zakai, Avihu 1945-  |a Zakay, Avihu 1945-  |a Zakai, Avîhû 1945- 
245 1 0 |a Jonathan Edwards' philosophy of nature  |b the re-enchantment of the world in the age of scientific reasoning  |c Avihu Zakai 
263 |a Erscheint: 01. Mai 2010 
264 1 |a London [u.a.]  |b T & T Clark  |c 2010 
300 |a IX, 331 S.  |c 24 cm 
336 |a Text  |b txt  |2 rdacontent 
337 |a ohne Hilfsmittel zu benutzen  |b n  |2 rdamedia 
338 |a Band  |b nc  |2 rdacarrier 
500 |a Literaturverz. S. 274 - 302 
583 1 |a Archivierung/Langzeitarchivierung gewährleistet  |f SSG  |x XA-DE-BW  |2 pdager  |5 DE-21 
600 1 0 |a Edwards, Jonathan  |d 1703-1758 
601 |a Philosophie 
650 0 |a Philosophy of nature 
650 0 |a Natural Theology 
653 |a Edwards, Jonathan, 1703-1758 
653 |a Natural theology 
653 |a Philosophy of nature 
689 0 0 |d p  |0 (DE-588)118687913  |0 (DE-627)139780017  |0 (DE-576)209289074  |2 gnd  |a Edwards, Jonathan  |d 1703-1758 
689 0 1 |d s  |0 (DE-588)4041408-5  |0 (DE-627)106219383  |0 (DE-576)209044748  |2 gnd  |a Naturphilosophie 
689 0 |5 (DE-627) 
689 1 0 |d p  |0 (DE-588)118687913  |0 (DE-627)139780017  |0 (DE-576)209289074  |2 gnd  |a Edwards, Jonathan  |d 1703-1758 
689 1 1 |d s  |0 (DE-588)4041408-5  |0 (DE-627)106219383  |0 (DE-576)209044748  |2 gnd  |a Naturphilosophie 
689 1 |5 (DE-627) 
700 1 |8 1\p  |0 (DE-588)1055765336  |0 (DE-627)793810655  |0 (DE-576)411224174  |4 oth  |a Zakhai, Avihu  |d 1945- 
787 0 8 |i Rezensiert in  |a Seay, Scott D.  |t Jonathan Edwards's philosophy of nature. The re-enchantment of the world in the age of scientific reasoning. By Avihu Zakai. Pp. ix+331. London–New York: T&T Clark, 2010. £65. 978 0 567 22650 1  |d 2012  |w (DE-627)1784660108 
856 4 2 |u https://swbplus.bsz-bw.de/bsz324827474inh.htm  |m B:DE-576;DE-21  |q application/pdf  |v 20100916123348  |x Verlag  |3 Inhaltsverzeichnis  |7 1 
856 4 2 |u https://swbplus.bsz-bw.de/bsz324827474kla.htm  |m B:DE-576;DE-21  |q application/pdf  |v 20100916123348  |x Verlag  |3 Klappentext  |7 1 
883 |8 1\p  |a cgwrk  |d 20241001  |q DE-101  |u https://d-nb.info/provenance/plan#cgwrk 
889 |w (DE-627)618361367 
935 |a mteo 
935 |i mdedup 
951 |a BO 
ELC |b 1 
ITA |a 1  |t 1 
LOK |0 000 xxxxxcx a22 zn 4500 
LOK |0 001 3095795254 
LOK |0 003 DE-627 
LOK |0 004 1603620168 
LOK |0 005 20100908090633 
LOK |0 008 100621||||||||||||||||ger||||||| 
LOK |0 040   |a DE-21  |c DE-627  |d DE-21 
LOK |0 852   |a DE-21 
LOK |0 852 1  |c 50 A 8313  |9 00 
LOK |0 935   |a theo 
LOK |0 936ln  |a t3.4 
LOK |0 938   |a 1009  |f 2 
LOK |0 939   |a 21-06-10  |b l01 
ORI |a SA-MARC-ixtheoa001.raw 
STA 0 0 |a Natural philosophy,Philosophy of nature 
STB 0 0 |a Philosophie de la nature 
STC 0 0 |a Filosofía de la naturaleza 
STD 0 0 |a Filosofia della natura 
STE 0 0 |a 自然哲学 
STF 0 0 |a 自然哲學 
STG 0 0 |a Filosofia da natureza 
STH 0 0 |a Философия природы 
STI 0 0 |a Φιλοσοφία της φύσης 
SYA 0 0 |a Adwards, Yūnāṯān,1703-1758 
SYG 0 0 |a Adwards, Yūnāṯān,1703-1758 , Natur,Physiologia , Adwards, Yūnāṯān,1703-1758 , Natur,Physiologia